[Event "Dieppe op 3rd"]
[Site "Dieppe"]
[Date "2002.08.02"]
[Round "7"]
[White "Haudrechy, Daniel"]
[Black "Pirouelle, Michel"]
[Result "0-1"]
[WhiteElo "2000"]
[BlackElo "1750"]
[PlyCount "43"]
[EventDate "2002.??.??"]
[EventType "swiss"]
[EventRounds "9"]
[EventCountry "FRA"]
[SourceTitle "EXT 2005"]
[Source "ChessBase"]
[SourceDate "2004.11.15"]
[SourceVersion "1"]
[SourceVersionDate "2004.11.15"]
[SourceQuality "1"]

1. d4 d5 2. c4 e5 3. dxe5 d4 4. Nf3 Nc6 5. Bf4 Be6 6. b3 Be7 7. e3 Bb4+ 8. Nbd2 dxe3 9. Bxe3 Bg4 10. Be2 Bxf3 11. Bxf3 Nxe5 12. Bxb7 Nd3+ 13. Kf1 Rb8 14. Bc6+ Kf8 15. Ne4 Nf6 16. Nxf6 Qxf6 17. Be4 Re8 18. f3 Rxe4 19. Qxd3 Rxe3 20. Qxe3 Qxa1+ 21. Kf2 Qxh1 22. Qxa7 0-1